000 00511nam a2200169Ia 4500
999 _c5650
_d5650
003 OSt
005 20200122150549.0
008 190216s9999||||xx |||||||||||||| ||und||
020 _a0803992734
040 _coclc
082 _a658.3
_bRAO/H
100 _aRao, T V
_91372
245 0 _aHuman Resources Development :
_bExperiences, Interventions, Strategies /
_cT V Rao
260 _bSage Publications,
_aNew Delhi:
_c1996.
300 _a394p
942 _cBK
_2ddc
_h658.3
_iRAO/H
_k658.3
_mRAO/H